<?xml version="1.0" encoding="UTF-8"?>
<record
    xmlns:xsi="http://www.w3.org/2001/XMLSchema-instance"
    xsi:schemaLocation="http://www.loc.gov/MARC21/slim http://www.loc.gov/standards/marcxml/schema/MARC21slim.xsd"
    xmlns="http://www.loc.gov/MARC21/slim">

  <leader>01397nam a2200277 a 4500</leader>
  <controlfield tag="001">44771</controlfield>
  <controlfield tag="003">BD-RjUL</controlfield>
  <controlfield tag="005">20211209053920.0</controlfield>
  <controlfield tag="008">160720s1978    ii ||||| |||| 00| 0 ben d</controlfield>
  <datafield tag="035" ind1=" " ind2=" ">
    <subfield code="a">(BD-RjUL)44889</subfield>
  </datafield>
  <datafield tag="040" ind1=" " ind2=" ">
    <subfield code="a">BD-RjUL</subfield>
    <subfield code="b">ben/eng</subfield>
    <subfield code="c">BD-RjUL</subfield>
  </datafield>
  <datafield tag="041" ind1=" " ind2=" ">
    <subfield code="a">ben</subfield>
  </datafield>
  <datafield tag="082" ind1=" " ind2=" ">
    <subfield code="2">23</subfield>
    <subfield code="a">320.95409033</subfield>
    <subfield code="b">CHM 1978</subfield>
  </datafield>
  <datafield tag="100" ind1="1" ind2=" ">
    <subfield code="a">&#x99A;&#x9A8;&#x9CD;&#x9A6;&#x9CD;&#x9B0;, &#x9B8;&#x9A4;&#x9C0;&#x9B6;</subfield>
    <subfield code="9">122907</subfield>
  </datafield>
  <datafield tag="245" ind1="1" ind2="0">
    <subfield code="a">&#x9AE;&#x9CB;&#x997;&#x9B2; &#x9A6;&#x9B0;&#x9AC;&#x9BE;&#x9B0;&#x9C7; &#x9A6;&#x9B2; &#x993; &#x9B0;&#x9BE;&#x99C;&#x9A8;&#x9C0;&#x9A4;&#x9BF;, &#x9E7;&#x9ED;&#x9E6;&#x9ED;-&#x9E7;&#x9ED;&#x9EA;&#x9E6; /</subfield>
    <subfield code="c">&#x9B8;&#x9A4;&#x9C0;&#x9B6; &#x99A;&#x9A8;&#x9CD;&#x9A6;&#x9CD;&#x9B0; ; &#x985;&#x9A8;&#x9C1;&#x9AC;&#x9BE;&#x9A6;&#x995;: &#x99A;&#x9A8;&#x9CD;&#x9A6;&#x9CD;&#x9B0;&#x9BF;&#x995;&#x9BE;&#x9AA;&#x9CD;&#x9B0;&#x9B8;&#x9BE;&#x9A6; &#x9AC;&#x9A8;&#x9CD;&#x9A6;&#x9CD;&#x9AF;&#x9C7;&#x9AA;&#x9BE;&#x9A7;&#x9CD;&#x9AF;&#x9BE;&#x9AF;&#x9BC;</subfield>
  </datafield>
  <datafield tag="250" ind1=" " ind2=" ">
    <subfield code="a">&#x9E7;&#x9AE; &#x9B8;&#x982;.</subfield>
  </datafield>
  <datafield tag="260" ind1=" " ind2=" ">
    <subfield code="a">&#x995;&#x9B2;&#x995;&#x9BE;&#x9A4;&#x9BE; :</subfield>
    <subfield code="b">&#x995;&#x9C7; &#x9AA;&#x9BF; &#x9AC;&#x9BE;&#x997;&#x99A;&#x9C0; &#x98F;&#x9CD;&#x9AF;&#x9BE;&#x9A8;&#x9CD;&#x9A1; &#x995;&#x9CB;&#x9AE;&#x9CD;&#x9AA;&#x9BE;&#x9A8;&#x9C0;,</subfield>
    <subfield code="c">&#x9E7;&#x9EF;&#x9ED;&#x9EE;</subfield>
  </datafield>
  <datafield tag="300" ind1=" " ind2=" ">
    <subfield code="a">xiv, &#x9EA;&#x9EA;&#x9EA; &#x9AA;&#x9C3;. ;</subfield>
    <subfield code="c">&#x9E8;&#x9E7; &#x9B8;&#x9C7;&#x9AE;&#x9BF;.</subfield>
  </datafield>
  <datafield tag="505" ind1=" " ind2=" ">
    <subfield code="a">&#x9A8;&#x9BF;&#x9B0;&#x9CD;&#x9A6;&#x9C7;&#x9B6;&#x9BF;&#x995;&#x9BE; &#x9B8;&#x982;&#x9AF;&#x9C1;&#x995;&#x9CD;&#x9A4;</subfield>
  </datafield>
  <datafield tag="650" ind1=" " ind2=" ">
    <subfield code="a">&#x9AE;&#x9CB;&#x997;&#x9B2; &#x9B8;&#x9BE;&#x9AE;&#x9CD;&#x9B0;&#x9BE;&#x99C;&#x9CD;&#x9AF;</subfield>
    <subfield code="v">&#x9B0;&#x9BE;&#x99C;&#x9A8;&#x9C0;&#x9A4;&#x9BF; &#x98F;&#x9AC;&#x982; &#x9B8;&#x9B0;&#x995;&#x9BE;&#x9B0; </subfield>
    <subfield code="9">137256</subfield>
  </datafield>
  <datafield tag="650" ind1=" " ind2=" ">
    <subfield code="a"> Mogul Empire  </subfield>
    <subfield code="v"> Politics and government.</subfield>
    <subfield code="9">137257</subfield>
  </datafield>
  <datafield tag="651" ind1=" " ind2=" ">
    <subfield code="a">&#x9AD;&#x9BE;&#x9B0;&#x9A4; </subfield>
    <subfield code="x">&#x9AE;&#x9CB;&#x997;&#x9B2; &#x9B8;&#x9BE;&#x9AE;&#x9CD;&#x9B0;&#x9BE;&#x99C;&#x9CD;&#x9AF;&#x964;</subfield>
    <subfield code="9">241008</subfield>
  </datafield>
  <datafield tag="651" ind1=" " ind2=" ">
    <subfield code="a">India </subfield>
    <subfield code="x">Mogul Empire.</subfield>
    <subfield code="9">241009</subfield>
  </datafield>
  <datafield tag="700" ind1=" " ind2=" ">
    <subfield code="a">&#x9AC;&#x9A8;&#x9CD;&#x9A6;&#x9CD;&#x9AF;&#x9C7;&#x9AA;&#x9BE;&#x9A7;&#x9CD;&#x9AF;&#x9BE;&#x9AF;&#x9BC;,  &#x99A;&#x9A8;&#x9CD;&#x9A6;&#x9CD;&#x9B0;&#x9BF;&#x995;&#x9BE;&#x9AA;&#x9CD;&#x9B0;&#x9B8;&#x9BE;&#x9A6;, &#x985;&#x9A8;&#x9C1;&#x9AC;&#x9BE;&#x9A6;&#x995;</subfield>
    <subfield code="9">241010</subfield>
  </datafield>
  <datafield tag="942" ind1=" " ind2=" ">
    <subfield code="2">ddc</subfield>
    <subfield code="c">BK</subfield>
  </datafield>
  <datafield tag="999" ind1=" " ind2=" ">
    <subfield code="c">44771</subfield>
    <subfield code="d">44771</subfield>
  </datafield>
  <datafield tag="952" ind1=" " ind2=" ">
    <subfield code="0">0</subfield>
    <subfield code="1">0</subfield>
    <subfield code="2">ddc</subfield>
    <subfield code="4">0</subfield>
    <subfield code="7">0</subfield>
    <subfield code="8">NFIC</subfield>
    <subfield code="a">RUCL</subfield>
    <subfield code="b">RUCL</subfield>
    <subfield code="c">Stack</subfield>
    <subfield code="d">1980-01-12</subfield>
    <subfield code="e">Bali cup, India international </subfield>
    <subfield code="g">30.00</subfield>
    <subfield code="l">1</subfield>
    <subfield code="o">B 320.95409033 CHM 1978</subfield>
    <subfield code="r">2018-03-27 00:00:00</subfield>
    <subfield code="s">2018-03-19</subfield>
    <subfield code="t">C-2</subfield>
    <subfield code="w">2016-07-20</subfield>
    <subfield code="y">BK</subfield>
  </datafield>
  <datafield tag="952" ind1=" " ind2=" ">
    <subfield code="0">0</subfield>
    <subfield code="1">0</subfield>
    <subfield code="2">ddc</subfield>
    <subfield code="4">0</subfield>
    <subfield code="7">1</subfield>
    <subfield code="8">RARE</subfield>
    <subfield code="a">RUCL</subfield>
    <subfield code="b">RUCL</subfield>
    <subfield code="c">Rare</subfield>
    <subfield code="d">1980-01-12</subfield>
    <subfield code="e">India International,kolikata</subfield>
    <subfield code="g">30.00</subfield>
    <subfield code="l">0</subfield>
    <subfield code="o">BRA 320.95409033 CHM 1978</subfield>
    <subfield code="r">2020-03-16 00:00:00</subfield>
    <subfield code="t">C-1</subfield>
    <subfield code="w">2021-12-09</subfield>
    <subfield code="y">RAR</subfield>
  </datafield>
  <datafield tag="952" ind1=" " ind2=" ">
    <subfield code="0">0</subfield>
    <subfield code="1">0</subfield>
    <subfield code="2">ddc</subfield>
    <subfield code="4">0</subfield>
    <subfield code="7">0</subfield>
    <subfield code="8">NFIC</subfield>
    <subfield code="a">RUCL</subfield>
    <subfield code="b">RUCL</subfield>
    <subfield code="c">Stack</subfield>
    <subfield code="d">1986-02-17</subfield>
    <subfield code="e">Presented by Indian Govt.</subfield>
    <subfield code="l">0</subfield>
    <subfield code="o">B 320.95409033 CHM 1978</subfield>
    <subfield code="r">2020-03-16 00:00:00</subfield>
    <subfield code="t">C-3</subfield>
    <subfield code="w">2021-12-09</subfield>
    <subfield code="y">BK</subfield>
  </datafield>
</record>
